| 000 | 00753nam a22002057a 4500 | ||
|---|---|---|---|
| 001 | 8650 | ||
| 003 | FISKH | ||
| 005 | 20251008093851.0 | ||
| 008 | 251008b cb ||||| |||| 00| 0 eng d | ||
| 020 | _a087577954905 | ||
| 040 |
_aFISKH _beng _cFISKH _dFISKH510 |
||
| 082 | _a510 | ||
| 100 | _aMayer, Mercer | ||
| 245 | _aMath, grade K / | ||
| 260 |
_aColumbus : _bSpectrum, _c2007. |
||
| 300 |
_a144 pages : _bcolor illustrations ; _c28 cm |
||
| 520 | _aOur proven Spectrum Math Kindergarten workbook features 96 pages of drills and practice in math fundamentals. Recently updated to current national math and testing standards. This workbook for children ages 5 to 6 uses everyday math applications to teach | ||
| 942 |
_2ddc _cBK _n0 |
||
| 999 |
_c8650 _d8650 |
||